[Event "DEM U10w 2021"]
[Site "Willingen GER"]
[Date "2021.08.29"]
[Round "11"]
[White "Meier, Viktoria"]
[Black "Rößler, Helena"]
[Result "1/2-1/2"]
[Termination "normal"]
[Board "4"]
[WhiteElo "1280"]
[BlackElo "1123"]
[WhiteClock "00:54:31"]
[BlackClock "00:20:20"]
[PlyCount "54"]
[WhiteFideId "34678298"]
[BlackFideId "16266692"]
[EventCountry "GER"]
[EventRounds "11"]
[EventType "swiss"]
[EventDate "2021.08.22"]

1. d4 {[%clk 01:15:59]} Nf6 {[%clk 01:15:49]} {[%emt 00:00:11]} 2. Bf4 {[%clk
01:16:22]} {[%emt 00:00:07]} g6 {[%clk 01:16:00]} {[%emt 00:00:18]} 3. e3
{[%clk 01:16:37]} {[%emt 00:00:17]} Bg7 {[%clk 01:16:13]} {[%emt 00:00:16]} 4.
Nf3 {[%clk 01:16:59]} {[%emt 00:00:08]} O-O {[%clk 01:16:21]} {[%emt 00:00:22]}
5. Be2 {[%clk 01:17:05]} {[%emt 00:00:25]} d6 {[%clk 01:16:25]} {[%emt
00:00:25]} 6. h3 {[%clk 01:17:29]} {[%emt 00:00:06]} Re8 {[%clk 01:16:23]}
{[%emt 00:00:32]} 7. O-O {[%clk 01:17:40]} {[%emt 00:00:19]} c6 {[%clk
01:15:28]} {[%emt 00:01:26]} 8. c3 {[%clk 01:17:56]} {[%emt 00:00:14]} Nfd7
{[%clk 01:15:34]} {[%emt 00:00:22]} 9. Nbd2 {[%clk 01:17:55]} {[%emt 00:00:33]}
Qc7 {[%clk 01:15:44]} {[%emt 00:00:16]} 10. a4 {[%clk 01:17:46]} {[%emt
00:00:42]} e5 {[%clk 01:15:02]} {[%emt 00:01:12]} 11. dxe5 {[%clk 01:17:45]}
{[%emt 00:00:32]} dxe5 {[%clk 01:15:16]} {[%emt 00:00:15]} 12. Bh2 {[%clk
01:17:57]} {[%emt 00:00:34]} Nb6 {[%clk 01:02:42]} {[%emt 00:12:43]} 13. Qb1
{[%clk 01:14:42]} {[%emt 00:03:50]} N8d7 {[%clk 01:00:53]} {[%emt 00:02:09]}
14. Rc1 {[%clk 01:14:09]} {[%emt 00:01:13]} Re7 {[%clk 00:58:03]} {[%emt
00:03:19]} 15. b4 {[%clk 01:14:00]} {[%emt 00:00:41]} Nd5 {[%clk 00:55:49]}
{[%emt 00:02:40]} 16. c4 {[%clk 01:12:35]} {[%emt 00:01:59]} N5f6 {[%clk
00:54:16]} {[%emt 00:01:49]} 17. Qb2 {[%clk 01:10:13]} {[%emt 00:03:06]} Ne8
{[%clk 00:50:34]} {[%emt 00:04:03]} 18. Qb3 {[%clk 01:06:54]} {[%emt 00:03:58]}
Qd8 {[%clk 00:45:58]} {[%emt 00:04:52]} 19. e4 {[%clk 01:06:16]} {[%emt
00:01:21]} Nc7 {[%clk 00:41:32]} {[%emt 00:04:49]} 20. b5 {[%clk 01:05:56]}
{[%emt 00:00:57]} cxb5 {[%clk 00:35:57]} {[%emt 00:06:05]} 21. cxb5 {[%clk
01:05:00]} {[%emt 00:01:27]} b6 {[%clk 00:33:34]} {[%emt 00:02:51]} 22. Qc3
{[%clk 01:01:18]} {[%emt 00:04:14]} Ne8 {[%clk 00:31:29]} {[%emt 00:02:34]} 23.
a5 {[%clk 01:00:06]} {[%emt 00:01:43]} Bb7 {[%clk 00:30:30]} {[%emt 00:01:29]}
24. Ne1 {[%clk 00:57:59]} {[%emt 00:02:37]} Nc5 {[%clk 00:28:24]} {[%emt
00:02:22]} 25. f3 {[%clk 00:57:43]} {[%emt 00:00:59]} Rc8 {[%clk 00:26:10]}
{[%emt 00:02:33]} 26. Qb4 {[%clk 00:56:31]} {[%emt 00:01:53]} Bh6 {[%clk
00:22:53]} {[%emt 00:03:47]} 27. Rc2 {[%clk 00:54:31]} {[%emt 00:02:30]} Be3+
{[%clk 00:20:20]} {[%emt 00:02:52]} 1/2-1/2

[Event "DEM U10w 2021"]
[Site "Willingen GER"]
[Date "2021.08.29"]
[Round "11"]
[White "Leicher, Anna"]
[Black "Zhou, Leyi Charlotte"]
[Result "0-1"]
[Termination "normal"]
[Board "5"]
[WhiteElo "1249"]
[BlackElo "1100"]
[WhiteClock "01:08:22"]
[BlackClock "01:07:26"]
[PlyCount "32"]
[WhiteFideId "34614966"]
[BlackFideId "16258100"]
[EventCountry "GER"]
[EventRounds "11"]
[EventType "swiss"]
[EventDate "2021.08.22"]

1. e4 {[%clk 01:15:57]} {[%emt 00:00:02]} e5 {[%clk 01:15:45]} {[%emt
00:00:15]} 2. Nf3 {[%clk 01:16:22]} {[%emt 00:00:05]} Nc6 {[%clk 01:15:37]}
{[%emt 00:00:38]} 3. Bc4 {[%clk 01:16:45]} {[%emt 00:00:08]} Nf6 {[%clk
01:15:25]} {[%emt 00:00:42]} 4. Ng5 {[%clk 01:17:08]} {[%emt 00:00:07]} d5
{[%clk 01:15:09]} {[%emt 00:00:45]} 5. exd5 {[%clk 01:17:30]} {[%emt 00:00:09]}
Na5 {[%clk 01:14:41]} {[%emt 00:00:57]} 6. Bb5+ {[%clk 01:17:51]} {[%emt
00:00:09]} c6 {[%clk 01:14:33]} {[%emt 00:00:37]} 7. dxc6 {[%clk 01:18:13]}
{[%emt 00:00:09]} bxc6 {[%clk 01:14:27]} {[%emt 00:00:36]} 8. Bd3 {[%clk
01:18:35]} {[%emt 00:00:09]} Nd5 {[%clk 01:14:13]} {[%emt 00:00:43]} 9. Nf3
{[%clk 01:17:54]} {[%emt 00:01:11]} Bd6 {[%clk 01:14:00]} {[%emt 00:00:43]} 10.
O-O {[%clk 01:17:16]} {[%emt 00:01:07]} Nf4 {[%clk 01:12:52]} {[%emt 00:01:38]}
11. Be2 {[%clk 01:14:40]} {[%emt 00:03:07]} Nxg2 {[%clk 01:11:21]} {[%emt
00:02:01]} 12. Kxg2 {[%clk 01:12:55]} {[%emt 00:02:13]} e4 {[%clk 01:09:18]}
{[%emt 00:02:36]} 13. Nd4 {[%clk 01:12:04]} {[%emt 00:01:20]} Qg5+ {[%clk
01:08:24]} {[%emt 00:01:24]} 14. Kh1 {[%clk 01:12:16]} {[%emt 00:00:16]} Qf4
{[%clk 01:08:17]} {[%emt 00:00:44]} 15. Nf3 {[%clk 01:09:15]} {[%emt 00:03:26]}
exf3 {[%clk 01:07:32]} {[%emt 00:01:14]} 16. Bxf3 {[%clk 01:08:22]} {[%emt
00:01:24]} Qxh2# {[%clk 01:07:26]} {[%emt 00:00:17]} 0-1

[Event "DEM U10w 2021"]
[Site "Willingen GER"]
[Date "2021.08.29"]
[Round "11"]
[White "Wilke, Ronja"]
[Black "Hefele, Stefanie"]
[Result "0-1"]
[Termination "normal"]
[Board "6"]
[WhiteElo "823"]
[BlackElo "1044"]
[WhiteClock "01:06:33"]
[BlackClock "00:59:34"]
[PlyCount "148"]
[WhiteFideId "16288378"]
[BlackFideId "34612041"]
[EventCountry "GER"]
[EventRounds "11"]
[EventType "swiss"]
[EventDate "2021.08.22"]

1. e4 {[%clk 01:15:58]} e5 {[%clk 01:15:51]} {[%emt 00:00:09]} 2. Nf3 {[%clk
01:16:19]} {[%emt 00:00:08]} Nc6 {[%clk 01:16:03]} {[%emt 00:00:19]} 3. Nc3
{[%clk 01:15:59]} {[%emt 00:00:50]} Nf6 {[%clk 01:15:44]} {[%emt 00:00:50]} 4.
Bb5 {[%clk 01:16:02]} {[%emt 00:00:28]} a6 {[%clk 01:15:23]} {[%emt 00:00:51]}
5. Bxc6 {[%clk 01:15:56]} dxc6 {[%clk 01:14:45]} {[%emt 00:01:43]} 6. d3 {[%clk
01:15:54]} Bc5 {[%clk 01:13:25]} {[%emt 00:02:21]} 7. Nxe5 {[%clk 01:15:54]}
Qd4 {[%clk 01:13:02]} {[%emt 00:01:25]} 8. O-O {[%clk 01:15:21]} Qxe5 {[%clk
01:13:06]} {[%emt 00:01:28]} 9. Qf3 {[%clk 01:14:57]} Bg4 {[%clk 01:12:14]}
{[%emt 00:02:17]} 10. Qf4 {[%clk 01:14:33]} Bd4 {[%clk 01:11:23]} {[%emt
00:02:14]} 11. Qg5 {[%clk 01:14:10]} O-O {[%clk 01:10:48]} {[%emt 00:01:56]}
12. Bf4 {[%clk 01:12:23]} Qxg5 {[%clk 01:10:53]} {[%emt 00:02:44]} 13. Bxg5
{[%clk 01:12:38]} Rfe8 {[%clk 01:09:09]} {[%emt 00:02:28]} 14. h3 {[%clk
01:11:01]} Bh5 {[%clk 01:08:51]} {[%emt 00:02:56]} 15. Rab1 {[%clk 01:10:47]}
Rab8 {[%clk 01:08:10]} {[%emt 00:01:55]} 16. Rfe1 {[%clk 01:10:28]} h6 {[%clk
01:07:49]} {[%emt 00:01:39]} 17. Bf4 {[%clk 01:08:06]} Be5 {[%clk 01:07:12]}
{[%emt 00:04:00]} 18. Bh2 {[%clk 01:07:39]} Bxh2+ {[%clk 01:06:58]} {[%emt
00:01:41]} 19. Kxh2 {[%clk 01:07:57]} Re5 {[%clk 01:06:58]} 20. Ne2 {[%clk
01:07:31]} {[%emt 00:03:26]} Bxe2 {[%clk 01:05:22]} {[%emt 00:00:18]} 21. Rxe2
{[%clk 01:07:37]} {[%emt 00:00:22]} Rh5 {[%clk 01:04:57]} {[%emt 00:00:57]} 22.
Kg1 {[%clk 01:06:59]} {[%emt 00:01:07]} Re8 {[%clk 01:04:30]} {[%emt 00:00:58]}
23. f3 {[%clk 01:04:17]} {[%emt 00:03:12]} b5 {[%clk 01:01:52]} {[%emt
00:03:08]} 24. Kf2 {[%clk 01:03:57]} {[%emt 00:00:49]} c5 {[%clk 01:00:53]}
{[%emt 00:01:29]} 25. b4 {[%clk 01:03:44]} {[%emt 00:00:44]} c4 {[%clk
01:00:54]} {[%emt 00:00:29]} 26. dxc4 {[%clk 01:03:50]} {[%emt 00:00:21]} bxc4
{[%clk 01:01:11]} {[%emt 00:00:16]} 27. a4 {[%clk 01:03:51]} {[%emt 00:00:29]}
c6 {[%clk 01:01:12]} {[%emt 00:00:29]} 28. Re3 {[%clk 01:03:13]} {[%emt
00:01:08]} Rb8 {[%clk 01:01:00]} {[%emt 00:00:42]} 29. c3 {[%clk 01:03:23]}
{[%emt 00:00:20]} c5 {[%clk 01:01:14]} {[%emt 00:00:17]} 30. Ree1 {[%clk
01:03:16]} {[%emt 00:00:33]} Nd7 {[%clk 01:00:59]} {[%emt 00:00:48]} 31. Red1
{[%clk 01:03:18]} {[%emt 00:00:28]} Nf8 {[%clk 01:00:17]} {[%emt 00:01:12]} 32.
a5 {[%clk 01:03:18]} {[%emt 00:00:30]} Ne6 {[%clk 00:59:59]} {[%emt 00:00:48]}
33. Rd6 {[%clk 01:02:31]} {[%emt 00:01:17]} Rd8 {[%clk 00:59:08]} {[%emt
00:01:21]} 34. Rxa6 {[%clk 01:02:44]} {[%emt 00:00:15]} Rd2+ {[%clk 00:59:22]}
{[%emt 00:00:18]} 35. Ke3 {[%clk 01:02:40]} {[%emt 00:00:34]} Rxg2 {[%clk
00:59:40]} {[%emt 00:00:12]} 36. Ra8+ {[%clk 01:02:36]} {[%emt 00:00:34]} Kh7
{[%clk 00:59:41]} {[%emt 00:00:29]} 37. a6 {[%clk 01:02:55]} {[%emt 00:00:12]}
Nc7 {[%clk 00:59:56]} {[%emt 00:00:14]} 38. Ra7 {[%clk 01:03:08]} {[%emt
00:00:18]} Nb5 {[%clk 00:59:35]} {[%emt 00:00:51]} 39. Rxf7 {[%clk 01:03:13]}
{[%emt 00:00:22]} Nxc3 {[%clk 00:59:46]} {[%emt 00:00:21]} 40. a7 {[%clk
01:03:11]} {[%emt 00:00:32]} Re2+ {[%clk 01:00:04]} {[%emt 00:00:12]} 41. Kf4
{[%clk 01:03:05]} {[%emt 00:00:36]} Ra2 {[%clk 00:59:40]} {[%emt 00:00:54]} 42.
Rg1 {[%clk 01:02:51]} {[%emt 00:00:43]} Ne2+ {[%clk 00:59:55]} {[%emt
00:00:15]} 43. Ke3 {[%clk 01:02:28]} {[%emt 00:00:53]} Nxg1 {[%clk 01:00:12]}
{[%emt 00:00:13]} 44. Rc7 {[%clk 01:02:16]} {[%emt 00:00:42]} Re2+ {[%clk
00:59:59]} {[%emt 00:00:44]} 45. Kf4 {[%clk 01:02:24]} {[%emt 00:00:22]} Nxh3+
{[%clk 01:00:14]} {[%emt 00:00:16]} 46. Kg4 {[%clk 01:01:56]} {[%emt 00:00:57]}
Kg6 {[%clk 00:58:27]} {[%emt 00:02:17]} 47. Rc6+ {[%clk 01:02:16]} {[%emt
00:00:10]} Kf7 {[%clk 00:58:02]} {[%emt 00:00:55]} 48. Kxh5 {[%clk 01:02:36]}
{[%emt 00:00:08]} Nf4+ {[%clk 00:57:51]} {[%emt 00:00:42]} 49. Kg4 {[%clk
01:02:46]} {[%emt 00:00:21]} Ra2 {[%clk 00:56:48]} {[%emt 00:01:34]} 50. Kxf4
{[%clk 01:02:46]} {[%emt 00:00:27]} Rxa7 {[%clk 00:57:03]} {[%emt 00:00:16]}
51. Rxc5 {[%clk 01:03:04]} {[%emt 00:00:11]} g5+ {[%clk 00:57:12]} {[%emt
00:00:23]} 52. Kg4 {[%clk 01:03:13]} {[%emt 00:00:21]} Kg6 {[%clk 00:57:18]}
{[%emt 00:00:23]} 53. Rxc4 {[%clk 01:03:21]} {[%emt 00:00:21]} h5+ {[%clk
00:57:37]} {[%emt 00:00:12]} 54. Kg3 {[%clk 01:03:36]} {[%emt 00:00:15]} h4+
{[%clk 00:57:50]} {[%emt 00:00:17]} 55. Kg4 {[%clk 01:03:54]} {[%emt 00:00:12]}
Rf7 {[%clk 00:57:42]} {[%emt 00:00:39]} 56. Rc6+ {[%clk 01:03:51]} {[%emt
00:00:33]} Kg7 {[%clk 00:57:39]} {[%emt 00:00:33]} 57. b5 {[%clk 01:03:58]}
{[%emt 00:00:23]} Rf4+ {[%clk 00:57:53]} {[%emt 00:00:15]} 58. Kh5 {[%clk
01:04:08]} {[%emt 00:00:20]} h3 {[%clk 00:57:43]} {[%emt 00:00:40]} 59. Rc1
{[%clk 01:04:29]} {[%emt 00:00:09]} Rh4+ {[%clk 00:57:20]} {[%emt 00:00:40]}
60. Kxg5 {[%clk 01:04:48]} {[%emt 00:00:23]} Rh6 {[%clk 00:57:15]} {[%emt
00:01:27]} 61. Rb1 {[%clk 01:05:00]} {[%emt 00:00:18]} h2 {[%clk 00:57:27]}
{[%emt 00:00:18]} 62. b6 {[%clk 01:05:07]} {[%emt 00:00:24]} Rxb6 {[%clk
00:57:40]} {[%emt 00:00:18]} 63. Re1 {[%clk 01:05:06]} {[%emt 00:00:30]} Rh6
{[%clk 00:57:51]} {[%emt 00:00:19]} 64. Kg4 {[%clk 01:05:22]} {[%emt 00:00:14]}
h1=Q {[%clk 00:58:06]} {[%emt 00:00:15]} 65. Rxh1 {[%clk 01:05:38]} {[%emt
00:00:12]} Rxh1 {[%clk 00:58:27]} {[%emt 00:00:11]} 66. Kf4 {[%clk 01:04:47]}
{[%emt 00:01:22]} Kf6 {[%clk 00:58:32]} {[%emt 00:00:25]} 67. e5+ {[%clk
01:05:06]} {[%emt 00:00:10]} Ke6 {[%clk 00:58:53]} {[%emt 00:00:09]} 68. Ke4
{[%clk 01:05:27]} {[%emt 00:00:09]} Re1+ {[%clk 00:58:52]} {[%emt 00:00:31]}
69. Kd4 {[%clk 01:05:39]} {[%emt 00:00:18]} Rxe5 {[%clk 00:59:08]} {[%emt
00:00:14]} 70. f4 {[%clk 01:05:54]} {[%emt 00:00:14]} Rf5 {[%clk 00:59:14]}
{[%emt 00:00:25]} 71. Ke4 {[%clk 01:06:04]} {[%emt 00:00:19]} Kf6 {[%clk
00:59:31]} {[%emt 00:00:14]} 72. Kf3 {[%clk 01:06:12]} {[%emt 00:00:22]} Rc5
{[%clk 00:59:30]} {[%emt 00:00:31]} 73. Kg4 {[%clk 01:06:20]} {[%emt 00:00:21]}
Rc1 {[%clk 00:59:22]} {[%emt 00:00:38]} 74. Kf3 {[%clk 01:06:33]} {[%emt
00:00:18]} Kf5 {[%clk 00:59:34]} 0-1

[Event "DEM U10w 2021"]
[Site "Willingen GER"]
[Date "2021.08.29"]
[Round "11"]
[White "Frydel, Helena"]
[Black "Rafikova, Ailin"]
[Result "0-1"]
[Termination "normal"]
[Board "7"]
[WhiteElo "966"]
[BlackElo "1375"]
[WhiteClock "00:10:02"]
[BlackClock "00:13:14"]
[PlyCount "106"]
[WhiteFideId "16266536"]
[BlackFideId "34612173"]
[EventCountry "GER"]
[EventRounds "11"]
[EventType "swiss"]
[EventDate "2021.08.22"]

1. e4 {[%clk 01:15:58]} {[%emt 00:00:01]} e5 {[%clk 01:15:50]} {[%emt
00:00:09]} 2. Nf3 {[%clk 01:16:24]} {[%emt 00:00:06]} Nc6 {[%clk 01:16:07]}
{[%emt 00:00:12]} 3. Nc3 {[%clk 01:16:49]} {[%emt 00:00:05]} Bc5 {[%clk
01:16:26]} {[%emt 00:00:12]} 4. Nxe5 {[%clk 01:17:12]} {[%emt 00:00:07]} Nxe5
{[%clk 01:16:02]} {[%emt 00:00:53]} 5. d4 {[%clk 01:17:37]} {[%emt 00:00:05]}
Bd6 {[%clk 01:15:53]} {[%emt 00:00:40]} 6. dxe5 {[%clk 01:16:54]} {[%emt
00:01:13]} Bxe5 {[%clk 01:15:27]} {[%emt 00:00:55]} 7. Bc4 {[%clk 01:16:55]}
{[%emt 00:00:29]} d6 {[%clk 01:11:45]} {[%emt 00:04:22]} 8. Be3 {[%clk
01:10:44]} {[%emt 00:06:31]} Nf6 {[%clk 01:10:22]} {[%emt 00:01:51]} 9. Qd2
{[%clk 01:06:28]} {[%emt 00:04:48]} O-O {[%clk 01:08:24]} {[%emt 00:02:28]} 10.
O-O-O {[%clk 01:01:32]} {[%emt 00:04:30]} Bxc3 {[%clk 01:08:15]} {[%emt
00:01:34]} 11. Qxc3 {[%clk 01:01:31]} {[%emt 00:00:32]} Nxe4 {[%clk 01:07:02]}
{[%emt 00:01:41]} 12. Qd3 {[%clk 00:56:28]} {[%emt 00:05:34]} Ng5 {[%clk
01:01:02]} {[%emt 00:06:28]} 13. Rhe1 {[%clk 00:49:34]} {[%emt 00:07:19]} Ne6
{[%clk 00:56:25]} {[%emt 00:04:51]} 14. f3 {[%clk 00:46:28]} {[%emt 00:03:58]}
Bd7 {[%clk 00:52:20]} {[%emt 00:04:36]} 15. a3 {[%clk 00:35:54]} {[%emt
00:12:39]} Qf6 {[%clk 00:48:02]} {[%emt 00:05:00]} 16. Re2 {[%clk 00:26:41]}
{[%emt 00:09:45]} b5 {[%clk 00:44:58]} {[%emt 00:03:30]} 17. Bxb5 {[%clk
00:23:21]} {[%emt 00:03:56]} Bxb5 {[%clk 00:41:12]} {[%emt 00:04:14]} 18. Qxb5
{[%clk 00:22:13]} {[%emt 00:01:39]} Rab8 {[%clk 00:38:11]} {[%emt 00:03:27]}
19. Qc4 {[%clk 00:16:28]} {[%emt 00:06:14]} Qxb2+ {[%clk 00:33:37]} {[%emt
00:05:03]} 20. Kd2 {[%clk 00:16:32]} {[%emt 00:00:32]} Qxa3 {[%clk 00:32:27]}
{[%emt 00:01:40]} 21. Qg4 {[%clk 00:13:47]} {[%emt 00:03:12]} Qb4+ {[%clk
00:29:30]} {[%emt 00:03:30]} 22. Qxb4 {[%clk 00:13:56]} {[%emt 00:00:21]} Rxb4
{[%clk 00:29:44]} {[%emt 00:00:14]} 23. Bxa7 {[%clk 00:13:42]} {[%emt
00:00:47]} Ra8 {[%clk 00:27:32]} {[%emt 00:02:36]} 24. Be3 {[%clk 00:13:05]}
{[%emt 00:01:12]} Ra2 {[%clk 00:25:05]} {[%emt 00:02:55]} 25. Ke1 {[%emt
00:04:18]} Rbb2 {[%clk 00:22:56]} {[%emt 00:00:05]} 26. Rc1 {[%clk 00:10:39]}
{[%emt 00:01:45]} h6 {[%clk 00:20:22]} {[%emt 00:18:20]} 27. f4 {[%clk
00:07:38]} f5 {[%clk 00:17:02]} 28. Bf2 {[%clk 00:05:10]} Nxf4 {[%clk
00:15:26]} 29. Rd2 {[%clk 00:04:39]} Nxg2+ {[%clk 00:14:42]} 30. Kf1 {[%clk
00:04:44]} Nf4 {[%clk 00:13:29]} {[%emt 00:01:23]} 31. Bd4 {[%clk 00:03:36]}
{[%emt 00:01:38]} Rb4 {[%clk 00:12:08]} {[%emt 00:01:56]} 32. Bc3 {[%clk
00:03:23]} {[%emt 00:00:46]} Rc4 {[%clk 00:11:17]} {[%emt 00:01:22]} 33. Bd4
{[%clk 00:02:32]} {[%emt 00:01:21]} Ne6 {[%clk 00:10:06]} {[%emt 00:01:40]} 34.
Bf2 {[%clk 00:01:57]} {[%emt 00:01:04]} Kf7 {[%clk 00:09:10]} {[%emt 00:01:23]}
35. Ke1 {[%clk 00:01:25]} {[%emt 00:01:07]} Kf6 {[%clk 00:08:13]} {[%emt
00:01:25]} 36. Kd1 {[%clk 00:01:29]} {[%emt 00:00:25]} Kg5 {[%clk 00:07:44]}
{[%emt 00:00:59]} 37. h4+ {[%clk 00:01:29]} {[%emt 00:00:32]} Kf4 {[%clk
00:07:21]} {[%emt 00:00:51]} 38. Ke1 {[%clk 00:01:40]} {[%emt 00:00:20]} Kf3
{[%clk 00:06:35]} {[%emt 00:01:10]} 39. Kf1 {[%clk 00:01:53]} {[%emt 00:00:24]}
Nf4 {[%clk 00:05:57]} {[%emt 00:01:06]} 40. Ke1 {[%clk 00:00:31]} {[%emt
00:01:56]} Ng2+ {[%clk 00:05:11]} {[%emt 00:01:13]} 41. Kf1 {[%clk 00:00:37]}
{[%emt 00:00:25]} Ne3+ {[%clk 00:04:07]} {[%emt 00:01:29]} 42. Bxe3 {[%clk
00:12:46]} {[%emt 00:03:56]} Kxe3 {[%clk 00:18:41]} {[%emt 00:00:55]} 43. Ke1
{[%clk 00:12:54]} {[%emt 00:00:26]} Rxh4 {[%clk 00:17:48]} {[%emt 00:01:20]}
44. Re2+ {[%emt 00:02:25]} Kf3 {[%clk 00:15:58]} {[%emt 00:00:20]} 45. Rf2+
{[%clk 00:12:10]} {[%emt 00:01:17]} Kg4 {[%clk 00:14:52]} {[%emt 00:01:24]} 46.
Rd1 {[%clk 00:11:05]} {[%emt 00:01:40]} Rh1+ {[%clk 00:14:18]} {[%emt
00:01:14]} 47. Kd2 {[%clk 00:11:21]} {[%emt 00:00:14]} Rxd1+ {[%clk 00:14:25]}
{[%emt 00:00:23]} 48. Kxd1 {[%clk 00:11:39]} {[%emt 00:00:13]} Ra3 {[%clk
00:14:11]} {[%emt 00:00:43]} 49. Rg2+ {[%clk 00:11:18]} {[%emt 00:00:53]} Rg3
{[%clk 00:14:27]} {[%emt 00:00:14]} 50. Rd2 {[%clk 00:10:18]} {[%emt 00:01:28]}
h5 {[%clk 00:14:19]} {[%emt 00:00:38]} 51. Rd4+ {[%clk 00:10:12]} {[%emt
00:00:35]} f4 {[%clk 00:14:21]} {[%emt 00:00:27]} 52. Re4 {[%clk 00:10:04]}
{[%emt 00:00:37]} Rg2 {[%clk 00:13:29]} {[%emt 00:01:23]} 53. c4 {[%clk
00:10:02]} {[%emt 00:00:32]} h4 {[%clk 00:13:14]} {[%emt 00:00:46]} *